[Event "Challenge"]
[Site "http://www.queenalice.com/game.php?id=1326408"]
[Date "2014.12.6"]
[Round "-"]
[White "eduardocosta"]
[Black "pjbrito"]
[Result "1-0"]
[WhiteElo "1714"]
[BlackElo "1540"]

1. e3 c5 2. Be2 Nc6 3. Nf3 Nf6 4. b3 e5 5. Bb5 d5 6. Nxe5 a6 7. Bxc6+ bxc6 8.
Qf3 Bd6 9. Bb2 Qe7 10. Nxc6 Qc7 11. Bxf6 gxf6 12. Qxf6 Rf8 13. Na5 Be5 14. Qg5
Qxa5 15. Qxe5+ Be6 16. Nc3 Qa3 17. Nxd5 O-O-O 18. Nb6+ Kb7 19. Nc4 Bxc4 20. bxc4
Qa5 21. c3 1-0

[Event "FLNTA001"]
[Site "http://www.queenalice.com/game.php?id=1329532"]
[Date "2014.12.21"]
[Round "-"]
[White "Ruusgugg"]
[Black "pjbrito"]
[Result "0-1"]
[WhiteElo "1453"]
[BlackElo "1497"]

1. h4 d5 2. h5 Nc6 3. d3 h6 4. e3 Nf6 5. f4 e6 6. g4 g5 7. Qf3 Nb4 8. Qe2 Nxg4
9. Qxg4 Nxc2+ 10. Kf2 Nxa1 11. Qe2 gxf4 12. b3 Be7 13. Qb2 Bf6 14. d4 fxe3+ 15.
Bxe3 Nxb3 16. Qxb3 Bh4+ 17. Ke2 b6 18. Qb5+ Bd7 19. Qd3 a6 20. Nf3 Bb5 21. Rxh4
Bxd3+ 22. Kxd3 Rg8 23. Bxh6 Rg3 24. Ke2 Rxf3 25. Kxf3 Qxh4 26. Bf4 O-O-O 27.
Bxa6+ Kb8 28. h6 Qh1+ 0-1

[Event "FLNTA002"]
[Site "http://www.queenalice.com/game.php?id=1329533"]
[Date "2014.12.22"]
[Round "-"]
[White "pjbrito"]
[Black "Ruusgugg"]
[Result "0-1"]
[WhiteElo "1517"]
[BlackElo "1424"]

1. e4 h5 2. Nf3 Nf6 3. Nc3 g6 4. d4 Bg7 5. Be3 O-O 6. Qd2 Ng4 7. O-O-O Nxe3 8.
fxe3 Nc6 9. e5 e6 10. e4 a5 11. d5 exd5 12. Nxd5 Kh7 13. Ng5+ Kg8 14. Nf6+ Kh8
15. Nfh7 Nxe5 16. Nxf8 Qxf8 17. Qc3 f6 18. Nf3 Nc6 19. Nd4 Nxd4 20. Qxd4 f5 21.
Qc4 a4 22. Kb1 Qf6 23. Qxc7 Qxb2# 0-1

[Event "FLNTA003"]
[Site "http://www.queenalice.com/game.php?id=1329534"]
[Date "2014.12.21"]
[Round "-"]
[White "Ruusgugg"]
[Black "pjbrito"]
[Result "0-1"]
[WhiteElo "1454"]
[BlackElo "1493"]

1. h4 d5 2. e3 Nc6 3. f4 Nf6 4. Nf3 Bg4 5. Be2 h5 6. d4 Ne4 7. c4 Ng3 8. Rg1
Nxe2 9. Qxe2 g6 10. Nbd2 e6 11. cxd5 Qxd5 12. Qd3 Nb4 13. Qb1 O-O-O 14. a3 Bxf3
15. gxf3 Nc6 16. Rg5 Qd7 17. Ne4 Bh6 18. Rb5 Nxd4 19. Nc5 Nxf3+ 20. Ke2 Qxb5+
21. Kxf3 Qxc5 22. b4 Qd5+ 23. e4 Qd3+ 24. Qxd3 Rxd3+ 25. Ke2 Rh3 26. Be3 e5 27.
Bxa7 Bxf4 28. b5 b6 29. a4 Kb7 30. Bxb6 Kxb6 31. Rd1 Ka5 32. Ra1 Re3+ 33. Kd2
Rxe4+ 34. Kd3 Rxa4 35. Rb1 e4+ 36. Kc3 Rd8 0-1

[Event "FLNTA004"]
[Site "http://www.queenalice.com/game.php?id=1329535"]
[Date "2014.12.21"]
[Round "-"]
[White "pjbrito"]
[Black "Ruusgugg"]
[Result "0-1"]
[WhiteElo "1507"]
[BlackElo "1566"]

1. e4 d6 2. Nf3 c5 3. Nc3 e5 4. Bc4 f5 5. d3 h6 6. Nh4 Qxh4 7. g3 Qd8 8. Qh5+
Kd7 9. Bxg8 Rxg8 10. Qf7+ Be7 11. exf5 Rf8 12. Qe6+ Ke8 13. Qg6+ Rf7 14. Nd5
Qa5+ 15. Bd2 Qb5 16. Nxe7 Kxe7 17. O-O-O Bxf5 18. Qh5 c4 19. Bc3 cxd3 20. Rxd3
Bxd3 21. cxd3 Rxf2 22. Qh4+ Kd7 23. Qb4 Qxd3 24. Bd2 Na6 25. Qc3 Qf5 26. Kd1 Rc8
27. Qe3 Qb1+ 28. Bc1 Rxc1+ 29. Qxc1 Qd3+ 30. Ke1 Qe2# 0-1

[Event "FLNTA005"]
[Site "http://www.queenalice.com/game.php?id=1329536"]
[Date "2014.12.21"]
[Round "-"]
[White "rocha"]
[Black "pjbrito"]
[Result "1-0"]
[WhiteElo "1734"]
[BlackElo "1496"]

1. e3 d5 2. d4 Nf6 3. f3 Nc6 4. c3 Bf5 5. Nd2 e6 6. Ne2 Bd6 7. Nb3 O-O 8. Bd2 b6
9. g4 Nxg4 10. h3 Nf6 11. Bg2 Nh5 12. f4 Na5 13. Nxa5 bxa5 14. Bf3 Qh4+ 15. Kf1
Ng3+ 16. Kg2 Nxh1 17. Qxh1 Bd3 18. Be1 c5 19. Bxh4 Rab8 20. Qc1 c4 21. Ng1 a4
22. Be2 Be4+ 23. Kh2 Rb6 24. Nf3 Rfb8 25. b3 a3 26. Nd2 Bd3 27. Bxd3 cxd3 28.
Rb1 a5 29. Be1 f6 30. Qd1 e5 31. dxe5 fxe5 32. fxe5 Bxe5+ 33. Bg3 Bxg3+ 34. Kxg3
Rg6+ 35. Kf2 Rf8+ 36. Nf3 Rgf6 37. Kg3 Rxf3+ 38. Kh4 Rxe3 39. Kg4 h6 40. Qg1 d2
41. Qxe3 Rd8 42. Qxd2 Kh7 43. Qd3+ g6 44. Re1 h5+ 45. Kg5 1-0

[Event "FLNTA006"]
[Site "http://www.queenalice.com/game.php?id=1329537"]
[Date "2014.12.21"]
[Round "-"]
[White "pjbrito"]
[Black "rocha"]
[Result "0-1"]
[WhiteElo "1503"]
[BlackElo "1727"]

1. e4 d6 2. Nf3 f6 3. Nc3 c6 4. d4 a6 5. Bd3 e5 6. O-O Qe7 7. Bd2 Be6 8. dxe5
dxe5 9. Na4 Qc7 10. a3 b5 11. Nc3 Nd7 12. Be3 Bc5 13. Bxc5 Nxc5 14. Be2 Rd8 15.
Qe1 Ne7 16. a4 b4 17. Na2 a5 18. Nd2 Nxa4 19. Nc4 O-O 20. Nc1 Kh8 21. Rxa4 Bxc4
22. Bxc4 c5 23. Nb3 Ra8 24. Qd2 Rfd8 25. Qe3 Nc6 26. Nxc5 Nd4 27. Ne6 Nxe6 28.
Bxe6 Qc6 29. b3 Qxc2 30. Qb6 Qd2 31. Rxa5 Rab8 32. Qe3 Qd6 33. Bd5 Qc7 34. Rc5
Qb6 35. Rfc1 Qd6 36. Rc6 Qf8 37. R1c4 h6 38. h3 Rdc8 39. Rxc8 Rxc8 40. Rxc8 Qxc8
41. Qe1 Qc5 42. Kh2 f5 43. f3 f4 44. Qg1 Qe3 45. Qxe3 fxe3 46. Bc4 g5 47. Kg1
Kg7 0-1

[Event "FLNTA007"]
[Site "http://www.queenalice.com/game.php?id=1329538"]
[Date "2014.12.21"]
[Round "-"]
[White "Taurus"]
[Black "pjbrito"]
[Result "1-0"]
[WhiteElo "2156"]
[BlackElo "1511"]

1. d4 d5 2. Nf3 Nc6 3. c4 Nf6 4. Bf4 e6 5. e3 Ne4 6. a3 a6 7. Qc2 Bd6 8. Bd3
Bxf4 9. exf4 f5 10. Nc3 Nxc3 11. Qxc3 b5 12. cxb5 axb5 13. Qxc6+ Bd7 14. Qc5 c6
15. O-O Qe7 16. Qc2 O-O 17. Rfe1 h6 18. Ne5 Qf6 19. Nxd7 Qxd4 20. Nxf8 Rxf8 21.
Rxe6 Rf6 22. Rxf6 Qxf6 23. Bxf5 Kf8 24. Re1 Kf7 25. Be6+ Ke7 26. Bxd5+ Kd7 27.
Re6 Qxf4 28. Qxc6+ Kd8 29. Re8# 1-0

[Event "FLNTA008"]
[Site "http://www.queenalice.com/game.php?id=1329539"]
[Date "2014.12.21"]
[Round "-"]
[White "pjbrito"]
[Black "camiloneto"]
[Result "0-1"]
[WhiteElo "1507"]
[BlackElo "1778"]

1. e4 e5 2. Nf3 Nc6 3. Nc3 Bb4 4. d3 Qe7 5. Bd2 Nf6 6. a3 Bxc3 7. Bxc3 d5 8. Be2
dxe4 9. dxe4 Nxe4 10. Bb5 Qc5 11. Bd3 Nxf2 12. Bb4 Qe3+ 13. Qe2 Qxe2+ 14. Bxe2
Nxh1 15. Bc5 Bg4 16. O-O-O Nf2 17. Bxf2 O-O 18. Ng1 Bxe2 19. Nxe2 Rfd8 20. Re1
Rd5 21. Nc3 Rd7 22. Ne4 b6 23. Ng3 h6 24. Nf5 Rad8 25. Bg3 a5 26. Ne3 f5 27.
Nxf5 Rd2 28. c3 Rxg2 29. Bxe5 Nxe5 30. Rxe5 Kf7 31. Ne3 Re2 32. Nc4 Rxe5 33.
Nxe5+ Kf6 34. Ng4+ Kf5 35. Ne3+ Kf4 36. Ng2+ Kf3 37. Nh4+ Ke2 38. Nf5 Rd7 39.
Nd4+ Kd3 40. Nb5 a4 41. Nd4 Rf7 42. Kb1 Rf1+ 43. Ka2 g5 44. b3 Rf2+ 45. Kb1 c5
46. Ne6 axb3 47. Nc7 c4 48. Nb5 Rxh2 49. a4 g4 50. Nd4 g3 51. Nb5 g2 52. Kb2
g1=Q+ 53. Ka3 Qc5# 0-1

[Event "FLNTA009"]
[Site "http://www.queenalice.com/game.php?id=1329540"]
[Date "2014.12.21"]
[Round "-"]
[White "lida"]
[Black "pjbrito"]
[Result "1-0"]
[WhiteElo "2321"]
[BlackElo "1519"]

1. e4 c5 2. Nf3 Nc6 3. Bb5 d6 4. O-O Bd7 5. Re1 Nf6 6. c3 a6 7. Ba4 b5 8. Bc2
Ne5 9. d4 Nxf3+ 10. Qxf3 c4 11. e5 dxe5 12. dxe5 Ng4 13. h3 Nh6 14. Bg5 g6 15.
Nd2 Bxh3 16. Qxh3 Qxd2 17. Bxd2 Nf5 18. Bxf5 gxf5 19. Qxf5 Bg7 20. e6 O-O 21.
exf7+ Rxf7 22. Qe6 Bf8 23. Re4 Rd8 24. Rg4+ Bg7 25. Bh6 Rd6 26. Rxg7+ Kf8 27.
Qxf7# 1-0

[Event "FLNTA010"]
[Site "http://www.queenalice.com/game.php?id=1329541"]
[Date "2014.12.21"]
[Round "-"]
[White "pjbrito"]
[Black "lida"]
[Result "0-1"]
[WhiteElo "1509"]
[BlackElo "2322"]

1. e4 c6 2. Nf3 d5 3. d3 Bg4 4. Be2 e6 5. Nc3 Qc7 6. h3 Bh5 7. Nh2 Bxe2 8. Nxe2
Bd6 9. O-O Bxh2+ 10. Kh1 Bd6 11. Nd4 Nf6 12. Be3 O-O 13. b3 Nbd7 14. c4 dxe4 15.
dxe4 Nxe4 16. Qg4 Ndf6 17. Qf3 Be5 18. Rad1 Rfd8 19. Ne2 Rxd1 20. Rxd1 Rd8 21.
Rxd8+ Qxd8 22. Bxa7 c5 23. Qe3 Qa5 24. Bxc5 Qxc5 25. Qxc5 Nxc5 26. f4 Bd6 27. g4
Nd3 28. Kg2 Nxf4+ 29. Nxf4 Bxf4 30. Kf3 Bd6 31. Ke3 e5 32. g5 Nd7 33. Ke4 Kf8
34. h4 Ke7 35. Kd5 f6 36. gxf6+ Nxf6# 0-1

[Event "LearnChess01"]
[Site "http://www.queenalice.com/game.php?id=1349032"]
[Date "2015.3.22"]
[Round "-"]
[White "bobifixer"]
[Black "pjbrito"]
[Result "1-0"]
[WhiteElo "1909"]
[BlackElo "1503"]

1. Nf3 d5 2. d4 Nc6 3. g3 Nf6 4. Bg2 Bf5 5. c3 Ne4 6. O-O e6 7. Nbd2 Nxd2 8.
Nxd2 Bd6 9. Nf3 h6 10. Re1 Qe7 11. Nh4 Bh7 12. e4 O-O-O 13. e5 Bb4 14. cxb4 Qxb4
15. Nf3 Be4 16. a3 Bxf3 17. Bxf3 Qxd4 18. Be3 Qxd1 19. Raxd1 Nxe5 20. Bg2 Nc4
21. Bd4 Rhg8 22. a4 Kb8 23. b4 b6 24. h4 Kb7 25. Rc1 c6 26. b5 c5 27. Rxc4 cxd4
28. Rxd4 Rc8 29. Red1 Rc5 30. Bh3 a6 31. bxa6+ Kxa6 32. Bf1+ Kb7 33. Bb5 Kc7 34.
Kg2 1-0

[Event "LearnChess02"]
[Site "http://www.queenalice.com/game.php?id=1349033"]
[Date "2015.3.22"]
[Round "-"]
[White "pjbrito"]
[Black "bobifixer"]
[Result "0-1"]
[WhiteElo "1505"]
[BlackElo "1907"]

1. e4 c5 2. Nf3 d6 3. Nc3 Nf6 4. d4 cxd4 5. Nxd4 g6 6. Bb5+ Nbd7 7. Bg5 Bg7 8.
O-O O-O 9. Nd5 Nxd5 10. exd5 a6 11. Bd3 Bxd4 12. Bxg6 Bxf2+ 13. Rxf2 hxg6 14.
Bh6 Re8 15. Qd4 Ne5 16. c4 Bf5 17. Raf1 Kh7 18. Rxf5 gxf5 19. Qh4 Ng6 20. Qh5
Rh8 21. Be3+ Kg8 22. Bh6 Qb6+ 23. Rf2 f4 24. Qg5 Rc8 25. b3 Qd4 0-1

[Event "LearnChess03"]
[Site "http://www.queenalice.com/game.php?id=1349034"]
[Date "2015.3.22"]
[Round "-"]
[White "Taurus"]
[Black "pjbrito"]
[Result "1-0"]
[WhiteElo "2196"]
[BlackElo "1490"]

1. d4 d5 2. Nf3 Nc6 3. c4 e6 4. Bf4 Bb4+ 5. Nc3 dxc4 6. e4 e5 7. Bxe5 Bg4 8.
Bxg7 Bxf3 9. gxf3 Bxc3+ 10. bxc3 Qg5 11. Bxh8 f6 12. Bxc4 O-O-O 13. Kf1 Nge7 14.
Be6+ Kb8 15. Rg1 Qf4 16. Bg7 a6 17. Rg3 Qd6 18. d5 Nxd5 19. exd5 Ne7 20. Bxf6
Nxd5 21. Bxd5 Qxd5 22. Bxd8 Qxd1+ 23. Rxd1 c6 24. Bb6 1-0

[Event "LearnChess04"]
[Site "http://www.queenalice.com/game.php?id=1349035"]
[Date "2015.3.22"]
[Round "-"]
[White "pjbrito"]
[Black "salvachess"]
[Result "1-0"]
[WhiteElo "1488"]
[BlackElo "1619"]

1. e4 e5 2. Nf3 Nc6 3. Nc3 Nf6 4. Bc4 Bb4 5. O-O Bxc3 6. bxc3 O-O 7. d4 d6 8.
Ba3 Na5 9. Bd5 Bg4 10. dxe5 dxe5 11. Qd3 Bxf3 12. Qxf3 Re8 13. Rfd1 c6 14. Bb3
Qc7 15. Bb4 Rad8 16. h3 Rxd1+ 17. Rxd1 b5 18. Qd3 Nb7 19. c4 Rd8 20. Qe2 Rxd1+
21. Qxd1 a5 22. Ba3 a4 23. cxb5 axb3 24. cxb3 Nxe4 25. Qe1 Nc3 26. Qxc3 c5 27.
g3 Qd6 28. Kg2 f6 29. g4 Qd4 30. Qc4+ Qxc4 31. bxc4 g5 32. Kf3 Kf7 33. Ke4 Nd6+
34. Kd5 Nb7 35. Bxc5 Ke8 36. Bb6 Kd7 37. a4 h6 38. a5 Kc8 39. a6 Nd8 40. Bxd8
Kxd8 41. a7 Ke7 42. a8=Q Kd7 43. Qa7+ Ke8 44. Kd6 1-0

[Event "ChessAB_1"]
[Site "http://www.queenalice.com/game.php?id=1387402"]
[Date "2015.10.5"]
[Round "-"]
[White "Taurus"]
[Black "pjbrito"]
[Result "0-1"]
[WhiteElo "2166"]
[BlackElo "1501"]

1. d4 d5 2. Nf3 Nc6 3. c4 e6 4. a3 Nf6 5. Bf4 Bd6 6. Qd2 Bxf4 7. Qxf4 dxc4 8. e3
b5 9. Nc3 Ba6 10. Rd1 O-O 11. Be2 Nd5 12. Nxd5 exd5 13. O-O Bc8 14. Rfe1 f6 15.
e4 g5 16. Qe3 Re8 17. e5 Rb8 18. Qd2 Bf5 19. exf6 Qxf6 20. Nxg5 h6 21. Nf3 Re4
22. Qc3 Rbe8 23. Kf1 Qe6 24. Rd2 a6 25. Nh4 Rxh4 26. Qg3+ Rg4 27. Qxc7 Re7 28.
Qa5 Nxa5 0-1

[Event "ChessAB_2"]
[Site "http://www.queenalice.com/game.php?id=1387403"]
[Date "2015.10.5"]
[Round "-"]
[White "pjbrito"]
[Black "Taurus"]
[Result "0-1"]
[WhiteElo "1531"]
[BlackElo "2133"]

1. e4 c5 2. Nc3 Nc6 3. Nf3 d6 4. d4 cxd4 5. Nxd4 Nf6 6. Bb5 Bd7 7. Nxc6 bxc6 8.
Bc4 g6 9. O-O Bg7 10. a4 O-O 11. a5 Qc7 12. Bb3 Bg4 13. Qd3 Rad8 14. Qg3 Bc8 15.
Bg5 Ba6 16. Bxf6 Bxf6 17. Rfe1 e6 18. Ra4 Be5 19. f4 Bg7 20. e5 c5 21. Bc4 Bb7
22. Nb5 Qc6 23. b3 d5 24. Nxa7 Qd7 25. Bb5 Qc7 26. Qd3 Ba8 27. Nc6 Bxc6 28. Bxc6
Qxc6 29. a6 Ra8 30. a7 Rfc8 31. Rea1 Qb6 32. Qa6 Qxa6 33. Rxa6 Rc7 34. Kf2 Bf8
35. c4 Rb7 36. R6a3 Be7 37. g3 Bd8 38. cxd5 exd5 39. Kf3 Kf8 40. Kg4 h5+ 41. Kf3
Bb6 0-1